Noise Reduction Techniques in Electronic Systems (Record no. 164800)

MARC details
000 -LEADER
fixed length control field 00486nam a2200193Ia 4500
008 - FIXED-LENGTH DATA ELEMENTS--GENERAL INFORMATION
fixed length control field 240823s9999||||xx |||||||||||||| ||und||
020 ## - INTERNATIONAL STANDARD BOOK NUMBER
International Standard Book Number 0-471-85068-3
082 ## - DEWEY DECIMAL CLASSIFICATION NUMBER
-- 621.38153 M8
100 ## - MAIN ENTRY--PERSONAL NAME
Personal name "Ott,Henry W"
245 #0 - TITLE STATEMENT
Title Noise Reduction Techniques in Electronic Systems
250 ## - EDITION STATEMENT
Edition statement 2nd
260 ## - PUBLICATION, DISTRIBUTION, ETC. (IMPRINT)
Date of publication, distribution, etc 1988
Name of publisher, distributor, etc Wiley India Pv
Place of publication, distribution, etc New Delhi
500 ## - GENERAL NOTE
General note TRANSFERED
650 ## - SUBJECT ADDED ENTRY--TOPICAL TERM
Topical term or geographic name as entry element Noise
942 ## - ADDED ENTRY ELEMENTS (KOHA)
Item type Books
Holdings
Withdrawn status Lost status Damaged status Permanent location Current location Shelving location Date acquired Cost, normal purchase price Full call number Barcode Date last seen Koha item type
      CENTRAL LIBRARY, NOORUL ISLAM CENTRE FOR HIGHER EDUCATION CENTRAL LIBRARY, NOORUL ISLAM CENTRE FOR HIGHER EDUCATION   09/11/2003 250.00 621.38153 M8 19587 08/23/2024 Books
Visitors:
Copyright © 2024 Central Library NICHE.  All rights reserved.